000 00700nam a2200289Ia 4500
005 20260324132537.0
008 008 260324s9999 xx 000 0 eng d
020 _a9781315837390
037 _aEBOOK
040 _aCRL
040 _beng
040 _cCRL
041 _2eng
041 _aeng
084 _qCRL
100 _aJohn Burnett
_91189689
245 0 _aEngland Eats Out
245 2 _bA Social History of Eating Out in England from 1830 to the Present
260 _bTaylor and Francis
260 _c2004
365 _a
365 _b200
856 _uhttp://www.taylorfrancis.com/books/9781315837390
942 _cEBOOK
999 _c1787884
_d1787884